| 000 | 00997cam a22001935a 4500 | ||
|---|---|---|---|
| 001 | L156883 | ||
| 008 | 120724s1809 xxk f 000 0 eng d | ||
| 035 | _a(Sirsi) u156883 | ||
| 041 | 0 | _aeng | |
| 100 | 1 | _aPotts, Thomas | |
| 245 | 0 | 4 |
_aThe British farmer's cyclopaedia _bor, complete agricultural dictionary, including every science or subject dependent on, or connected with, improved modern husbandry, with the breeding, feeding, and management, of live stock, the modern art of farriery, cure of the diseases of dogs, the management of bees, the culture of fruit and forest trees, of cyder, of malt liquor, and made wines |
| 260 |
_aLondon _bPrinted for Scatcherd and Letterman _c1807 [i.e. 1809] |
||
| 300 |
_a1 v., [42] leaves of plates _bcol. ill _c27 cm. |
||
| 500 | _aWith a second title-page, dated 1809, and bearing the words "Second edition." | ||
| 583 |
_aCondition reviewed _c20120620 _lcondition level 2 |
||
| 651 | 4 |
_aGreat Britain _y1707- |
|
| 690 |
_aRural _96268 |
||
| 942 | _n0 | ||
| 999 |
_c114469 _d114469 |
||